000 00593nam#a22002295a#4500
001 718
008 080624s2007####ag#####g######001#mdspa#d
245 1 0 _aLos crímenes de la calle Morgue y otros cuentos /
_cEdgar Allan Poe.
250 _a1ª ed.
260 _aBuenos Aires :
_bEudeba,
_c2007.
300 _a160 p. ;
_c23 cm.
490 0 _aLibros para siempre
020 _a9789502313498
100 1 _aAllan Poe, Edgar.
080 _a82
084 _aA47
653 _aNarrativa Estadounidense
040 _aAR-ClEAG
_cAR-ClEAG
005 20241107184644.0
003 AR-ClEAG
942 _cBK
999 _c718
_d718
980 _62
_aEvangelina Gallicchio
_82
_gEvangelina Gallicchio